Приготовление суспензий нанопорошка ZnO в растворе глицина; Перспективы развития фундаментальных наук

Бібліографічні деталі
Parent link:Перспективы развития фундаментальных наук.— 2015.— [С. 1001-1003]
Автор: Кутуков А. К.
Співавтор: Национальный исследовательский Томский политехнический университет
Інші автори: Годымчук А. Ю. Анна Юрьевна (научный руководитель)
Резюме:Заглавие с экрана
The focus of the work was to make an attempt to prepare an aggregative-stable suspension of ZnO nanopowder with average particle size of 20-40 nm, which was prepared by plasma method in aminoacetic acid. The infrared spectrums of the solution before and after exposure to nanopowder in 2 M glycine solution was used to check the effectiveness of glycine sorption on the particle surface. It was experimentally revealed that the centrifugate, separated from the nanoparticles after incubation in 2M nanopowder surfactant solution with a particle concentration of 2, 10 and 20 wt.% during a week, had a peak height decrease from 11.1 (initial 2M glycine solution) to 9.45 ... 5.3 ... 4.5 units on the IR spectrum at a wavelength of 1250 cm{-1}, and the percentage of adsorbed glycine 15, 52 and 59.4 %, respectively. Selected surfactant has been efficiently adsorbed on the surface of ZnO particles and can be used to stabilize the nanoparticles in aqueous aggregative-stable suspensions.
Мова:Російська
Опубліковано: 2015
Серія:Наноматериалы и нанотехнологии
Предмети:
Онлайн доступ:http://earchive.tpu.ru/handle/11683/19056
http://www.lib.tpu.ru/fulltext/c/2015/C21/319.pdf
Формат: Електронний ресурс Частина з книги
KOHA link:https://koha.lib.tpu.ru/cgi-bin/koha/opac-detail.pl?biblionumber=613143

MARC

LEADER 00000naa2a2200000 4500
001 613143
005 20260519102831.0
035 |a (RuTPU)RU\TPU\conf\11274 
035 |a RU\TPU\conf\11248 
090 |a 613143 
100 |a 20150707d2015 k y0rusy50 ca 
101 0 |a rus 
102 |a RU 
135 |a drcn ---uucaa 
181 0 |a i  
182 0 |a b 
200 1 |a Приготовление суспензий нанопорошка ZnO в растворе глицина  |d Preparation of suspensions of ZnO nanopowder in clycin solution  |f А. К. Кутуков, А. Ю. Годымчук  |g науч. рук. А. Ю. Годымчук 
203 |a Текст  |c электронный 
215 |a 1 файл(274 Кб) 
225 1 |a Наноматериалы и нанотехнологии 
300 |a Заглавие с экрана 
320 |a [Библиогр.: с. 1003 (3 назв.)] 
330 |a The focus of the work was to make an attempt to prepare an aggregative-stable suspension of ZnO nanopowder with average particle size of 20-40 nm, which was prepared by plasma method in aminoacetic acid. The infrared spectrums of the solution before and after exposure to nanopowder in 2 M glycine solution was used to check the effectiveness of glycine sorption on the particle surface. It was experimentally revealed that the centrifugate, separated from the nanoparticles after incubation in 2M nanopowder surfactant solution with a particle concentration of 2, 10 and 20 wt.% during a week, had a peak height decrease from 11.1 (initial 2M glycine solution) to 9.45 ... 5.3 ... 4.5 units on the IR spectrum at a wavelength of 1250 cm{-1}, and the percentage of adsorbed glycine 15, 52 and 59.4 %, respectively. Selected surfactant has been efficiently adsorbed on the surface of ZnO particles and can be used to stabilize the nanoparticles in aqueous aggregative-stable suspensions. 
337 |a Adobe Reader 
463 1 |0 (RuTPU)RU\TPU\conf\10376  |t Перспективы развития фундаментальных наук  |l Prospects of fundamental sciences development  |o сборник научных трудов XII Международной конференция студентов и молодых ученых, г. Томск, 21-24 апреля 2015 г.  |f Национальный исследовательский Томский политехнический университет (ТПУ) ; Национальный исследовательский Томский государственный университет (ТГУ) ; Томский государственный архитектурно-строительный университет (ТГАСУ) ; Томский государственный университет систем управления и радиоэлектроники (ТУСУР) ; ред. кол. И. А. Курзина ; Г. А. Воронова ; С. А. Поробова  |v [С. 1001-1003]  |d 2015 
510 1 |a Preparation of suspensions of ZnO nanopowder in clycin solution  |z eng 
610 1 |a электронный ресурс 
610 1 |a труды учёных ТПУ 
610 1 |a суспензии 
610 1 |a нанопорошки 
610 1 |a растворы 
610 1 |a глицин 
700 1 |a Кутуков  |b А. К. 
701 1 |a Годымчук  |b А. Ю.  |c специалист в области нанотехнологий и наноматериалов  |c доцент Томского политехнического университета, кандидат технических наук  |f 1978-  |g Анна Юрьевна  |3 (RuTPU)RU\TPU\pers\26193  |9 12001 
702 1 |a Годымчук  |b А. Ю.  |c специалист в области нанотехнологий и наноматериалов  |c доцент Томского политехнического университета, кандидат технических наук  |f 1978-  |g Анна Юрьевна  |4 727 
712 0 2 |a Национальный исследовательский Томский политехнический университет  |c (2009- )  |9 26305 
801 1 |a RU  |b 63413507  |c 20101016 
801 2 |a RU  |b 63413507  |c 20210128  |g RCR 
856 4 |u http://earchive.tpu.ru/handle/11683/19056 
856 4 |u http://www.lib.tpu.ru/fulltext/c/2015/C21/319.pdf 
942 |c BK